| 000 | 00501nam a2200181Ia 4500 | ||
|---|---|---|---|
| 003 | GCL | ||
| 008 | 140319s9999 xx 000 0 ara d | ||
| 040 |
_aGCL / _cGCL |
||
| 082 | 0 | 4 |
_a229.2 _bى ف |
| 100 | 1 | _aيس محمد يحيى | |
| 245 | 1 | 0 |
_aفى رحاب القران الكريم / _cيس محمد يحيى |
| 300 | _a238 ص | ||
| 490 |
_a100 قصة _v0 |
||
| 650 | 0 | 4 | _aالشريعة الاسلامية |
| 650 | 0 | 4 | _aالقران |
| 650 | 0 | 4 | _aالقران - احكام |
| 942 |
_2ddc _cBK |
||
| 999 |
_c43975 _d43975 |
||